Introducción a la astrología y descifre del zodiaco / (Record no. 107345)

MARC details
000 -LEADER
campo de control de longitud fija 00578nam a2200193 4500
001 - NÚMERO DE CONTROL
campo de control 107345
003 - IDENTIFICADOR DE NÚMERO DE CONTROL
campo de control ES-MaACL
005 - FECHA Y HORA DE LA ÚLTIMA TRANSACCIÓN
campo de control 20230906184407.0
007 - CAMPO FIJO DE DESCRIPCIÓN FÍSICA--INFORMACIÓN GENERAL
campo de control de longitud fija t|
008 - DATOS DE LONGITUD FIJA--INFORMACIÓN GENERAL
campo de control de longitud fija 061121s1973 sp r ||||1| spa d
100 1# - ENTRADA PRINCIPAL--NOMBRE DE PERSONA
Nombre de persona Morpurgo, Lisa.
9 (RLIN) 83656
245 10 - MENCIÓN DEL TÍTULO
Título Introducción a la astrología y descifre del zodiaco /
Mención de responsabilidad, etc. Lisa Morpurgo; traducción de Juan Moreno.
250 ## - MENCION DE EDICION
Mención de edición 1ª. ed.
260 ## - PUBLICACIÓN, DISTRIBUCIÓN, ETC.
Lugar de publicación, distribución, etc. Barcelona :
Nombre del editor, distribuidor, etc. Plaza & Janés,
Fecha de publicación, distribución, etc. 1973.
300 ## - DESCRIPCIÓN FÍSICA
Extensión 373 p. :
Otras características físicas il ;
Dimensiones 22 cm.
700 1# - ENTRADA AGREGADA--NOMBRE PERSONAL
Nombre de persona Moreno, Juan.
9 (RLIN) 182367
852 ## - LOCALIZACIÓN
Ubicación ES-MaACL
Número de control de estantería C-54688
Sublocalización o colección R.87306
Holdings
Estatus retirado Estado de pérdida Estado de daño No para préstamo Biblioteca de origen Biblioteca actual Ubicación en estantería Fecha de adquisición Fuente de adquisición Total de préstamos Signatura topográfica completa Código de barras Visto por última vez Precio de reemplazo Tipo de ítem Koha
        Biblioteca del Ateneo de Madrid Biblioteca del Ateneo de Madrid Depósito 2 17/01/2008     C-54688 1112034 23/02/2023 23/02/2023 Libro impreso